La campagne d'Egypte, 1798-1801 : d'après les dessins inédits de Noël Dejuine, du 20e régiment de dragons /

محفوظ في:

المؤلف الرئيسي: Beaucour, Fernand Emile (مؤلف)

مؤلفون آخرون: Dejuine, Noël, 1771-1842., Yoyotte, Jean.

التنسيق: كتاب

اللغة: French

منشور في: Levallois, France : Société de sauvegarde du château impérial de Pont-de-Briques, 1983.

سلاسل: Mémoire de la Société de sauvegarde du château impérial de Pont-de-Briques ; 1.

الموضوعات:

الوسوم: إضافة وسم

لا توجد وسوم, كن أول من يضع وسما على هذه التسجيلة!

رقم الطلب: DT47 .B38 1983

LEADER 01247namaa2200301 4500
001 18911
003 OSt
005 20260324071637.0
008 130303s1983 fr af b 000 0 fre d
010 |a 84110211 
020 |a 2900348196 
040 |c ARCE Library 
043 |a f-ua--- 
050 4 |a DT47 .B38 1983 
100 1 |a Beaucour, Fernand Emile,  |e author  |9 26454 
245 1 3 |a La campagne d'Egypte, 1798-1801 :  |b d'après les dessins inédits de Noël Dejuine, du 20e régiment de dragons /  |c Fernand Emile Beaucour ; préface de Jean Yoyotte. 
264 1 |a Levallois, France :   |b Société de sauvegarde du château impérial de Pont-de-Briques,   |c 1983. 
300 |a 228 pages, [5] folded leaves of plates :   |b illustrations (some color) ;   |c 25 cm. 
490 1 |a Mémoire de la Société de sauvegarde du château impérial de Pont-de-Briques ;   |v 1. 
504 |a Bibliography : pages [221]-228. 
651 0 |a Egypt  |v Pictorial works. 
651 0 |a Egypt  |x History  |y French occupation, 1798-1801. 
700 1 |a Dejuine, Noël,  |d 1771-1842.  |9 28848 
700 1 |a Yoyotte, Jean.  |9 42517 
830 0 |a Mémoire de la Société de sauvegarde du château impérial de Pont-de-Briques ;   |v 1. 
901 |a reviewed 
942 |c BK  |2 lcc 
999 |c 15967  |d 15967